| 000 | 00567nam a2200181Ia 4500 | ||
|---|---|---|---|
| 008 | 100920s9999 xx 000 0 und d | ||
| 082 |
_b84260 _a891.463.1 न 02 |
||
| 100 | _aपोंक्षे राजीव. | ||
| 245 | _aआय.पी.सी.302. | ||
| 260 |
_bपार्टनर पब्लिकेशन,विरार. _c2002 |
||
| 300 |
_a156 _bसाधी |
||
| 365 | _b140 | ||
| 520 | _aलघुकथा. | ||
| 630 | _aआय.पी.सी.302. | ||
| 650 | _aलघुकथा. | ||
| 730 | _aआय.पी.सी.302. | ||
| 942 | _cBOOK | ||
| 999 |
_c724839 _d724836 |
||